000 00968nam a2200265 a 4500
001 BRCA_551
005 20190320203047.0
008 040406s2004 deua---##b---#001-0#eng-d
020 _a0912724633
040 _aDLC
_cDLC
_dDLC
050 4 _aNK8250
_b.F46 2004
100 1 _aFennimore, Donald L.
_91899
245 1 0 _aIron at Winterthur
_cDonald L. Fennimore ; photography by George J. Fistrovich and Laszlo Bodo.
260 _a[Hanover, N.H.]
_bUniversity Press of New England
_c2004
300 _a428 p.
_bil.
_c25 cm.
440 0 _aWinterthur book
_91900
500 _aIncluye índice temático
504 _aBibliografía: p. 420-423
610 2 4 _aHenry Francis du Pont Winterthur Museum
_vCatálogos
_z(Delaware, Estados Unidos)
_91901
650 1 4 _aTrabajos en hierro
_vCatálogos
_zEstados Unidos
_91902
650 1 4 _aMetales
_xColecciones privadas
_zEstados Unidos
_91903
700 1 _aFistrovich, George J
_91904
700 1 _aBodo, Laszlo
_91905
942 _2lcc
_cB
999 _c482
_d482